Pokémon di tipo Coleottero - Statistics

Statistiche generali
  • Questo quiz è stato fatto 18 volte
  • Il punteggio medio è 63 su 103
Statistiche sulle risposte
Numero Pokédex Nazionale Tipo Tipo Pokémon % Corretto
10 Coleottero Coleottero Caterpie
100%
12 Coleottero Volante Butterfree
92%
12 Coleottero Volante Butterfree Gigamax
92%
11 Coleottero Coleottero Metapod
92%
15 Coleottero Veleno Beedrill
85%
595 Coleottero Elettro Joltik
85%
14 Coleottero Veleno Kakuna
85%
15 Coleottero Veleno MegaBeedrill
85%
127 Coleottero Volante MegaPinsir
85%
212 Coleottero Acciaio MegaScizor
85%
127 Coleottero Coleottero Pinsir
85%
212 Coleottero Acciaio Scizor
85%
123 Coleottero Volante Scyther
85%
13 Coleottero Veleno Weedle
85%
168 Coleottero Veleno Ariados
77%
268 Coleottero Coleottero Cascoon
77%
558 Coleottero Roccia Crustle
77%
632 Coleottero Acciaio Durant
77%
596 Coleottero Elettro Galvantula
77%
636 Coleottero Fuoco Larvesta
77%
542 Coleottero Erba Leavanny
77%
166 Coleottero Volante Ledian
77%
165 Coleottero Volante Ledyba
77%
284 Coleottero Volante Masquerain
77%
290 Coleottero Terra Nincada
77%
291 Coleottero Volante Ninjask
77%
46 Coleottero Erba Paras
77%
47 Coleottero Erba Parasect
77%
545 Coleottero Veleno Scolipede
77%
292 Coleottero Spettro Shedinja
77%
213 Coleottero Roccia Shuckle
77%
266 Coleottero Coleottero Silcoon
77%
167 Coleottero Veleno Spinarak
77%
543 Coleottero Veleno Venipede
77%
49 Coleottero Veleno Venomoth
77%
637 Coleottero Fuoco Volcarona
77%
193 Coleottero Volante Yanma
77%
617 Coleottero Coleottero Accelgor
69%
412 Coleottero Coleottero Burmy
69%
415 Coleottero Volante Combee
69%
589 Coleottero Acciaio Escavalier
69%
205 Coleottero Acciaio Forretress
69%
649 Coleottero Acciaio Genesect
69%
204 Coleottero Coleottero Pineco
69%
540 Coleottero Erba Sewaddle
69%
48 Coleottero Veleno Venonat
69%
416 Coleottero Volante Vespiquen
69%
544 Coleottero Veleno Whirlipede
69%
469 Coleottero Volante Yanmega
69%
347 Roccia Coleottero Anorith
62%
493 Coleottero Coleottero Arceus (Coleottero)
62%
348 Roccia Coleottero Armaldo
62%
267 Coleottero Volante Beautifly
62%
269 Coleottero Veleno Dustox
62%
557 Coleottero Roccia Dwebble
62%
214 Coleottero Lotta Heracross
62%
588 Coleottero Coleottero Karrablast
62%
214 Coleottero Lotta MegaHeracross
62%
414 Coleottero Volante Mothim
62%
616 Coleottero Coleottero Shelmet
62%
283 Coleottero Acqua Surskit
62%
541 Coleottero Erba Swadloon
62%
413 Coleottero Erba Wormadam (Manto Pianta)
62%
413 Coleottero Terra Wormadam (Manto Sabbia)
62%
413 Coleottero Acciaio Wormadam (Manto Scarti)
62%
265 Coleottero Coleottero Wurmple
62%
401 Coleottero Coleottero Kricketot
54%
402 Coleottero Coleottero Kricketune
54%
795 Coleottero Lotta Pheromosa
54%
665 Coleottero Coleottero Spewpa
54%
794 Coleottero Lotta Buzzwole
46%
737 Coleottero Elettro Charjabug
46%
314 Coleottero Coleottero Illumise
46%
664 Coleottero Coleottero Scatterbug
46%
451 Veleno Coleottero Skorupi
46%
666 Coleottero Volante Vivillon
46%
313 Coleottero Coleottero Volbeat
46%
988 Coleottero Lotta Alirasenti
38%
752 Acqua Coleottero Araquanid
38%
751 Acqua Coleottero Dewpider
38%
873 Ghiaccio Coleottero Frosmoth
38%
768 Coleottero Acqua Golisopod
38%
736 Coleottero Coleottero Grubbin
38%
920 Coleottero Buio Lokix
38%
953 Coleottero Coleottero Rellor
38%
743 Coleottero Folletto Ribombee
38%
850 Fuoco Coleottero Sizzlipede
38%
872 Ghiaccio Coleottero Snom
38%
738 Coleottero Elettro Vikavolt
38%
767 Coleottero Acqua Wimpod
38%
824 Coleottero Coleottero Blipbug
31%
851 Fuoco Coleottero Centiskorch
31%
851 Fuoco Coleottero Centiskorch Gigamax
31%
742 Coleottero Folletto Cutiefly
31%
825 Coleottero Psico Dottler
31%
900 Coleottero Roccia Kleavor
31%
919 Coleottero Coleottero Nymble
31%
826 Coleottero Psico Orbeetle
31%
826 Coleottero Psico Orbeetle Gigamax
31%
954 Coleottero Psico Rabsca
31%
773 Coleottero Coleottero Silvally (Tipo Coleottero)
31%
917 Coleottero Coleottero Tarountula
23%
918 Coleottero Coleottero Spidops
15%
Nessun quiz corrispondente trovato
Distribuzione punteggi
Percentuale di utenti per punteggio
Percentile per numero di risposta
I tuoi punteggi nel tempo
Non hai fatto questo quiz